| 000 | 01596nam a22004337a 4500 | ||
|---|---|---|---|
| 003 | CHAP | ||
| 005 | 20220329143707.0 | ||
| 008 | 110207s1974 mx a r 00010 spa d | ||
| 010 | _a100453 | ||
| 011 | _a101425 | ||
| 020 | _a9682924995 | ||
| 035 | _a112113 | ||
| 040 | _cCHAP | ||
| 082 | 0 | 4 |
_a305.8976 _bT68 |
| 100 | 1 |
_aTranfo, Luigi _9114614 |
|
| 245 | 1 | 0 |
_aVida y magia en un pueblo otomí del Mezquital _c/por Luigi Tranfo |
| 260 |
_aMéxico, D.F. : _bConsejo Nacional para la Cultura y las Artes, _c1974 |
||
| 300 |
_a365 p. : _bilus., cuadro |
||
| 490 | 0 |
_aPresencias _v; 11 |
|
| 534 |
_pTít. original : _tVita e magia in un villaggio messicano, _c1980 |
||
| 590 |
_aBATCH-UPD _b10 _c20130110 _lUCH01 _h0850 |
||
| 590 |
_aBATCH-UPD _b10 _c20130410 _lUCH01 _h0522 |
||
| 590 |
_aBATCH-UPD _b10 _c20130914 _lUCH01 _h1631 |
||
| 590 |
_aCONVERSION _b10 _c20130109 _lUCH01 _h1355 |
||
| 650 | 1 | 4 |
_aIndios de Hidalgo. _957615 |
| 650 | 1 | 4 |
_aIndios de México _xCondiciones económicas. _957625 |
| 650 | 1 | 4 |
_aIndios de México _xCondiciones sociales. _957626 |
| 650 | 1 | 4 |
_aIndios de México _xCultura. _957627 |
| 650 | 1 | 4 |
_aIndios de México _xHistoria. _957630 |
| 650 | 1 | 4 |
_aIndios de México _xLenguas. _957631 |
| 650 | 1 | 4 |
_aIndios de México _xMedicina. _957633 |
| 650 | 1 | 4 |
_aIndios de México _xReligión y mitología. _957636 |
| 830 | 0 |
_aPresencias _v; 11 _991523 |
|
| 901 | _aBK | ||
| 911 | _aen proceso | ||
| 942 | _cLIBRO | ||
| 949 |
_a305.8976 T68 _bBC _cLIBRO _d33724002231975 _eLIBRO _h114164 _i112113 _sb |
||
| 949 |
_a305.8976 T68 _bBC _cLIBRO _d33724002232040 _eLIBRO _fc.2 _h114165 _i112113 _sb |
||
| 999 |
_c100453 _d100453 |
||